[Event "Menorca op 3rd"]
[Site "Ciutadella de Menorca"]
[Date "2024.04.04"]
[Round "5"]
[White "Cramling Bellon, Anna"]
[Black "Mohamed, Anees M"]
[Result "1/2-1/2"]
[WhiteElo "2079"]
[BlackElo "2253"]
[PlyCount "77"]
[EventDate "2024.04.02"]
[EventType "swiss"]
[EventRounds "9"]
[EventCountry "ESP"]
[SourceTitle "CB15_2024"]
[SourceDate "2024.04.10"]
[SourceVersion "1"]
[SourceVersionDate "2024.04.10"]
[SourceQuality "1"]

1. d4 d5 2. c4 e6 3. Nc3 a6 4. c5 b6 5. cxb6 cxb6 6. Bf4 Bb7 7. e3 Nf6 8. Bd3 Bd6 9. Nge2 0-0 10. 0-0 b5 11. Rc1 Qe7 12. Bb1 Nbd7 13. Ng3 Bxf4 14. exf4 g6 15. Re1 Qd6 16. Qd2 Rfe8 17. h4 Nb6 18. f5 exf5 19. Qg5 Kh8 20. Bxf5 b4 21. Nb1 Ne4 22. Bxe4 dxe4 23. Nd2 Qxd4 24. Ndxe4 Bxe4 25. Nxe4 Re6 26. Nc5 Rxe1+ 27. Rxe1 Kg8 28. h5 Qxb2 29. Ne4 Qd4 30. Nf6+ Kg7 31. Ne8+ Kg8 32. Nf6+ Kg7 33. Ne8+ Kg8 34. Nf6+ Kg7 35. h6+ Kh8 36. g3 Rf8 37. Re5 Nc4 38. Nd7 Nb6 39. Nf6 1/2-1/2

[Event "Bangalore op 1st"]
[Site "Bangalore"]
[Date "2024.01.21"]
[Round "5"]
[White "Viani, Antonio Dcunha"]
[Black "Mohamed, Anees M"]
[Result "1-0"]
[WhiteElo "2407"]
[BlackElo "2319"]
[PlyCount "135"]
[EventDate "2024.01.18"]
[EventType "swiss"]
[EventRounds "10"]
[EventCountry "IND"]
[SourceTitle "CB05_2024"]
[SourceDate "2024.01.31"]
[SourceVersion "1"]
[SourceVersionDate "2024.01.31"]
[SourceQuality "1"]

1. e4 c5 2. Nf3 e6 3. g3 Nc6 4. Bg2 d6 5. 0-0 Nf6 6. Qe2 e5 7. c3 g6 8. d4 cxd4 9. cxd4 Bg4 10. dxe5 dxe5 11. Nc3 Nd4 12. Qd1 Bg7 13. Kh1 0-0 14. h3 Bxf3 15. Bxf3 Qb6 16. Bg2 Rfd8 17. Rb1 Nb5 18. Qb3 Nxc3 19. Qxc3 Qb5 20. Be3 Rac8 21. Rbd1 Re8 22. Qd2 a6 23. b3 Bf8 24. Qb2 Bc5 25. Bg5 Qb6 26. Bf3 Bd4 27. Qe2 Rc6 28. h4 h5 29. Kg2 Rec8 30. Rd2 Nh7 31. Bh6 Rc3 32. Rfd1 Nf8 33. Rd3 Rxd3 34. Rxd3 Ne6 35. Bxh5 gxh5 36. Qxh5 Rc2 37. Qg4+ Kh7 38. Bd2 Nc5 39. Rf3 Qg6 40. Bg5 f6 41. b4 fxg5 42. bxc5 gxh4 43. Qxh4+ Kg8 44. Qd8+ Kh7 45. Qe7+ Qg7 46. Qh4+ Kg8 47. Rf5 Rxf2+ 48. Rxf2 Bxf2 49. Qd8+ Kh7 50. Kxf2 Qf7+ 51. Ke3 Qxa2 52. Qe7+ Kg6 53. Qd6+ Kh7 54. Qd7+ Kh6 55. Qd6+ Kh7 56. Qxe5 Qa3+ 57. Kf4 Qc1+ 58. Kf5 Qf1+ 59. Ke6 Qb5 60. Kf6 Qc6+ 61. Qe6 Qc7 62. Qf7+ Qxf7+ 63. Kxf7 a5 64. e5 a4 65. e6 a3 66. e7 a2 67. e8Q a1Q 68. Qe4+ 1-0

[Event "Tamil Nadu IM 12th"]
[Site "Chennai"]
[Date "2024.01.11"]
[Round "4"]
[White "Mohamed, Anees M"]
[Black "Pradeep, Kumar RA"]
[Result "1-0"]
[WhiteElo "2319"]
[BlackElo "2189"]
[PlyCount "155"]
[EventDate "2024.01.09"]
[EventType "tourn"]
[EventRounds "9"]
[EventCountry "IND"]
[SourceTitle "CB03_2024"]
[SourceDate "2024.01.17"]
[SourceVersion "1"]
[SourceVersionDate "2024.01.17"]
[SourceQuality "1"]

1. d4 Nf6 2. c4 g6 3. Nc3 Bg7 4. e4 d6 5. h3 0-0 6. Bg5 c5 7. d5 e6 8. Bd3 exd5 9. cxd5 Re8 10. Nf3 c4 11. Bc2 Qb6 12. Rb1 Na6 13. 0-0 Bd7 14. Nd2 Rac8 15. Qf3 Qd4 16. Be3 Qe5 17. Bxa7 b5 18. a3 Nc5 19. Qe3 Nh5 20. a4 bxa4 21. Nxc4 Qe7 22. Nb6 Rc7 23. Nxd7 Nxd7 24. Bxa4 Ra8 25. Bxd7 Rcxa7 26. Bc6 Rb8 27. b3 Ra5 28. Rfe1 Rb4 29. Na4 Rb8 30. b4 Ra7 31. Nb6 Be5 32. Nc4 Ra2 33. Qb3 Qa7 34. Qf3 Bd4 35. Ne3 Nf6 36. b5 Nd7 37. Bxd7 Qxd7 38. Re2 Rxb5 39. Rxb5 Ra1+ 40. Kh2 Qxb5 41. Rd2 Be5+ 42. g3 h5 43. h4 Qb4 44. Rc2 Qe1 45. Rc7 f6 46. Rc8+ Kg7 47. Rc7+ Kg8 48. Qg2 Ra2 49. Rc2 Rxc2 50. Nxc2 Qd2 51. f4 Bc3 52. Qxd2 Bxd2 53. Kg2 g5 54. hxg5 fxg5 55. Kf3 h4 56. gxh4 gxh4 57. Nd4 h3 58. Ne6 Be1 59. Ng5 h2 60. Kg2 Bg3 61. f5 Kg7 62. Nf3 Kf6 63. Nxh2 Bf4 64. Nf3 Bc1 65. Kf2 Ba3 66. Ke3 Bb2 67. Kd3 Bc1 68. Nd2 Kg5 69. Nc4 Bf4 70. Kc3 Kf6 71. Kb4 Ke7 72. Kb5 Kd7 73. Kb6 Bg5 74. Kb7 Bf4 75. Nb6+ Kd8 76. Kc6 Bg3 77. Nc4 Ke7 78. Nxd6 1-0

[Event "Tamil Nadu IM 12th"]
[Site "Chennai"]
[Date "2024.01.09"]
[Round "2"]
[White "Prasannaa, S."]
[Black "Mohamed, Anees M"]
[Result "1/2-1/2"]
[WhiteElo "2213"]
[BlackElo "2319"]
[PlyCount "145"]
[EventDate "2024.01.09"]
[EventType "tourn"]
[EventRounds "9"]
[EventCountry "IND"]
[SourceTitle "CB03_2024"]
[SourceDate "2024.01.17"]
[SourceVersion "1"]
[SourceVersionDate "2024.01.17"]
[SourceQuality "1"]

1. Nf3 d5 2. c4 c6 3. cxd5 cxd5 4. d4 Nc6 5. Nc3 Nf6 6. Bf4 a6 7. e3 Bf5 8. Bd3 Bxd3 9. Qxd3 e6 10. 0-0 Be7 11. h3 0-0 12. Rfc1 Rc8 13. Nd2 Na5 14. Na4 Nd7 15. Nb3 Nxb3 16. axb3 b5 17. Nc3 Qb6 18. Ne2 Qb7 19. Qd2 b4 20. Rxc8 Rxc8 21. Rc1 Nb6 22. Rxc8+ Nxc8 23. Qc2 Na7 24. Nc1 Qc6 25. Qd2 a5 26. Bb8 Nc8 27. Nd3 Nb6 28. Qc1 Qxc1+ 29. Nxc1 Bd8 30. Nd3 Kf8 31. g4 Ke7 32. Kg2 f6 33. h4 Nd7 34. Bg3 Nf8 35. h5 Kd7 36. Bb8 Bb6 37. Bf4 h6 38. Bb8 Kc6 39. Bg3 Bc7 40. f4 f5 41. Bh4 Kd7 42. g5 hxg5 43. fxg5 g6 44. h6 Nh7 45. Bg3 Bd8 46. Nc5+ Ke7 47. Bf4 Kf7 48. Nb7 Bxg5 49. Bxg5 Nxg5 50. Nxa5 Ne4 51. Nc6 g5 52. Nxb4 Nd2 53. Nc6 Nxb3 54. Nd8+ Kg6 55. Nxe6 Kxh6 56. Nc5 Nd2 57. b4 Nc4 58. Na4 Nxe3+ 59. Kf2 Nc2 60. b5 Nxd4 61. b6 Nc6 62. Nc3 d4 63. Nb5 f4 64. b7 d3 65. Ke1 g4 66. Nd4 g3 67. Nxc6 g2 68. Kf2 d2 69. b8Q g1Q+ 70. Kxg1 d1Q+ 71. Kf2 Qc2+ 72. Kf1 Qxc6 73. Qxf4+ 1/2-1/2

[Event "Fagernes Autumn op"]
[Site "Fagernes"]
[Date "2023.10.15"]
[Round "9"]
[White "Mohamed, Anees M"]
[Black "Mitrabha, Guha"]
[Result "0-1"]
[WhiteElo "2309"]
[BlackElo "2512"]
[PlyCount "102"]
[EventDate "2023.10.08"]
[EventType "swiss"]
[EventRounds "9"]
[EventCountry "NOR"]
[SourceTitle "Mega2024 Update 01"]
[Source "Chessbase"]
[SourceDate "2023.11.12"]
[SourceVersion "1"]
[SourceVersionDate "2023.11.12"]
[SourceQuality "1"]

1. d4 Nf6 2. c4 e6 3. Nf3 c5 4. d5 d6 5. Nc3 exd5 6. cxd5 a6 7. a4 Qe7 8. Bf4 g6 9. h3 Nbd7 10. e3 Bg7 11. Be2 0-0 12. 0-0 Rb8 13. Nd2 Ne5 14. Bh2 Ne8 15. e4 f5 16. f4 Nf7 17. exf5 Bxf5 18. Kh1 b5 19. axb5 axb5 20. Nxb5 Bd7 21. Ra7 Qd8 22. Na3 Rxb2 23. Nac4 Rb4 24. Bd3 Nh6 25. Ne4 Nf5 26. Ng5 Nc7 27. Qe2 Re8 28. Qa2 Nb5 29. Rb7 Qc8 30. Rb6 Nc3 31. Qd2 Rxc4 32. Bxc4 Ne3 33. Ba6 Qc7 34. Rfb1 Nxb1 35. Rxb1 Qa7 36. Be2 Bf5 37. Rc1 Qb7 38. Bg1 Qb2 39. Bxe3 Qxd2 40. Bxd2 Rxe2 41. Ba5 Bb2 42. Rc4 h6 43. Nf3 Bd3 44. Ra4 Bc2 45. Ng1 Rf2 46. Be1 Bxa4 47. Bxf2 Bb3 48. Bg3 c4 49. Ne2 Bd1 50. Ng1 c3 51. Bf2 c2 0-1

[Event "Fagernes Autumn op"]
[Site "Fagernes"]
[Date "2023.10.14"]
[Round "8"]
[White "Urkedal, Frode Olav Olsen"]
[Black "Mohamed, Anees M"]
[Result "1/2-1/2"]
[WhiteElo "2519"]
[BlackElo "2309"]
[PlyCount "82"]
[EventDate "2023.10.08"]
[EventType "swiss"]
[EventRounds "9"]
[EventCountry "NOR"]
[SourceTitle "Mega2024 Update 01"]
[Source "Chessbase"]
[SourceDate "2023.11.12"]
[SourceVersion "1"]
[SourceVersionDate "2023.11.12"]
[SourceQuality "1"]

1. e4 c5 2. Nf3 Nc6 3. d4 cxd4 4. Nxd4 Nf6 5. Nc3 d6 6. Bg5 e6 7. Qd2 a6 8. 0-0-0 Bd7 9. f4 Be7 10. Nf3 b5 11. e5 b4 12. exf6 bxc3 13. Qxc3 gxf6 14. Bh4 Rg8 15. Kb1 Rb8 16. h3 Qa5 17. Qxa5 Nxa5 18. Be1 Nb7 19. Nd4 Nc5 20. g4 d5 21. c4 dxc4 22. Bxc4 h5 23. gxh5 f5 24. Be2 Bf6 25. Bf3 Ne4 26. Bxe4 fxe4 27. Bc3 Rh8 28. Nc6 Bxc6 29. Bxf6 Rxh5 30. Rhg1 Kf8 31. Rc1 Rc8 32. Rgd1 Rd5 33. Rxd5 exd5 34. h4 Kg8 35. Bd4 Kh7 36. Rg1 Bb5 37. b3 Kh6 38. Rg5 Bd3+ 39. Kb2 Rc2+ 40. Ka3 Rh2 41. h5 Bb1 1/2-1/2

[Event "Fagernes Autumn op"]
[Site "Fagernes"]
[Date "2023.10.13"]
[Round "7"]
[White "Mohamed, Anees M"]
[Black "Krishnan, Ritvik"]
[Result "1-0"]
[WhiteElo "2309"]
[BlackElo "2176"]
[PlyCount "55"]
[EventDate "2023.10.08"]
[EventType "swiss"]
[EventRounds "9"]
[EventCountry "NOR"]
[SourceTitle "Mega2024 Update 01"]
[Source "Chessbase"]
[SourceDate "2023.11.12"]
[SourceVersion "1"]
[SourceVersionDate "2023.11.12"]
[SourceQuality "1"]

1. e4 c6 2. d4 d5 3. e5 Bf5 4. Nf3 e6 5. Be2 Ne7 6. c3 Ng6 7. h4 h5 8. Ng5 f6 9. exf6 Qxf6 10. Bxh5 Nd7 11. g4 Bxb1 12. Rxb1 0-0-0 13. Qf3 Rg8 14. Be3 Re8 15. Qxf6 gxf6 16. Nh3 Bd6 17. Kd2 f5 18. gxf5 exf5 19. Rbg1 Nxh4 20. Bxe8 Nf3+ 21. Kd1 Rxe8 22. Rg6 Kc7 23. Nf4 Re4 24. Ne6+ Kb6 25. Ke2 Nh4 26. Rh6 f4 27. R1xh4 fxe3 28. Rxe4 1-0

[Event "Fagernes Autumn op"]
[Site "Fagernes"]
[Date "2023.10.11"]
[Round "5"]
[White "Mohamed, Anees M"]
[Black "Levitan, Ronit"]
[Result "1-0"]
[WhiteElo "2309"]
[BlackElo "2114"]
[PlyCount "111"]
[EventDate "2023.10.08"]
[EventType "swiss"]
[EventRounds "9"]
[EventCountry "NOR"]
[SourceTitle "Mega2024 Update 01"]
[Source "Chessbase"]
[SourceDate "2023.11.12"]
[SourceVersion "1"]
[SourceVersionDate "2023.11.12"]
[SourceQuality "1"]

1. e4 e5 2. Nf3 Nc6 3. Bb5 a6 4. Ba4 Nf6 5. 0-0 Nxe4 6. d4 b5 7. Bb3 d5 8. dxe5 Be6 9. c3 Bc5 10. Nbd2 0-0 11. Bc2 Nxf2 12. Rxf2 f6 13. Nf1 Bxf2+ 14. Kxf2 fxe5 15. Kg1 Qd6 16. Be3 Rad8 17. Bf2 Bf5 18. Bxf5 Rxf5 19. Qc2 e4 20. Nd4 Nxd4 21. cxd4 Rdf8 22. Be3 c6 23. Qd2 Qc7 24. Rc1 a5 25. b3 Ra8 26. Bf2 Qb7 27. Ne3 Rf6 28. a3 a4 29. b4 Qd7 30. Bh4 Rg6 31. Qe2 Rf8 32. Bg3 Qe6 33. Be5 Qd7 34. Kh1 Qf7 35. Rc2 Re6 36. Rd2 Qg6 37. h3 Qf7 38. Qe1 Rg6 39. Bg3 Rf6 40. Rd1 Qg6 41. Kh2 Qf7 42. Qd2 Re6 43. Ng4 Qh5 44. Re1 Rg6 45. Ne5 Qh6 46. Qc3 Re6 47. Rc1 Rc8 48. Qc5 Qh5 49. Rf1 Qe8 50. Bh4 Rh6 51. Be7 Qh5 52. Nxc6 Re6 53. Nd8 Rxd8 54. Bxd8 Re8 55. Bc7 e3 56. Be5 1-0

[Event "Asia-ch U20"]
[Site "Jamshedpur"]
[Date "2023.09.15"]
[Round "9"]
[White "Abdilkhair, Abilmansur"]
[Black "Mohamed, Anees M"]
[Result "1-0"]
[WhiteElo "2241"]
[BlackElo "2295"]
[PlyCount "127"]
[EventDate "2023.09.09"]
[EventType "swiss"]
[EventRounds "9"]
[EventCountry "IND"]
[SourceTitle "EXT 2024"]
[Source "ChessBase"]
[SourceDate "2023.10.10"]
[SourceVersion "1"]
[SourceVersionDate "2023.10.10"]
[SourceQuality "1"]

1. e4 c5 2. Nf3 e6 3. d4 cxd4 4. Nxd4 Nc6 5. Nc3 Qc7 6. Be3 a6 7. Qd2 Nf6 8. 0-0-0 Be7 9. f3 b5 10. g4 Bb7 11. g5 Nh5 12. Nxc6 dxc6 13. Qf2 Nf4 14. h4 c5 15. Qh2 e5 16. Bh3 Bc6 17. Bxf4 exf4 18. Nd5 Bxd5 19. Rxd5 Rd8 20. Rhd1 0-0 21. Rd7 Rxd7 22. Rxd7 Qe5 23. Qd2 Re8 24. Qa5 Ra8 25. Qb6 Kf8 26. a3 g6 27. Kb1 b4 28. a4 a5 29. Bf1 h6 30. Rd5 Qe6 31. Qc7 hxg5 32. hxg5 Rc8 33. Qa7 Qc6 34. Qxa5 c4 35. Qb5 c3 36. Qxc6 Rxc6 37. a5 cxb2 38. a6 Rc3 39. Ra5 Bc5 40. Bd3 b3 41. a7 bxc2+ 42. Bxc2 Bxa7 43. Rxa7 Rxf3 44. Kxb2 Re3 45. Bb3 Re2+ 46. Kc3 Re3+ 47. Kc2 Re2+ 48. Kd1 Rxe4 49. Rxf7+ Ke8 50. Rf6 Ke7 51. Rxg6 Re3 52. Rg7+ Kf8 53. Rf7+ Ke8 54. Rb7 Rg3 55. g6 Kf8 56. Rf7+ Kg8 57. Rb7+ Kf8 58. Bc2 f3 59. Be4 Rg4 60. Rf7+ Kg8 61. Bd3 Rg3 62. Ke1 f2+ 63. Ke2 f1Q+ 64. Rxf1 1-0

[Event "Asia-ch Blitz U20"]
[Site "Jamshedpur"]
[Date "2023.09.15"]
[Round "9"]
[White "Mohamed, Anees M"]
[Black "Gaikwad, Manas"]
[Result "1-0"]
[WhiteElo "2135"]
[BlackElo "1787"]
[PlyCount "75"]
[EventDate "2023.09.15"]
[EventType "swiss (blitz)"]
[EventRounds "9"]
[EventCountry "IND"]
[SourceTitle "EXT 2024"]
[Source "ChessBase"]
[SourceDate "2023.10.10"]
[SourceVersion "1"]
[SourceVersionDate "2023.10.10"]
[SourceQuality "1"]

1. Nf3 Nf6 2. c4 g6 3. g3 Bg7 4. Bg2 d6 5. 0-0 0-0 6. Nc3 e5 7. d4 Nc6 8. d5 Ne7 9. e4 Nd7 10. Ne1 f5 11. exf5 Nxf5 12. Ne4 Nb6 13. b3 a5 14. Bg5 Qe8 15. Rc1 a4 16. b4 h6 17. Bd2 a3 18. Nd3 Nd4 19. Be3 Na4 20. c5 Nb2 21. Qd2 Bg4 22. Bxd4 exd4 23. cxd6 cxd6 24. Nxb2 axb2 25. Qxb2 Qa4 26. h3 Bf3 27. Bxf3 Rxf3 28. Qe2 Rff8 29. Nxd6 Qxa2 30. Qe6+ Kh7 31. Rc7 Qd2 32. Ne4 Qxb4 33. Nf6+ Kh8 34. Nd7 Rae8 35. Qxg6 Qa5 36. Rxb7 Qxd5 37. Nxf8 Qxb7 38. Qh7# 1-0

[Event "Asia-ch Blitz U20"]
[Site "Jamshedpur"]
[Date "2023.09.15"]
[Round "7"]
[White "Mohamed, Anees M"]
[Black "Siddhant, Nath Jha"]
[Result "1-0"]
[WhiteElo "2135"]
[BlackElo "1443"]
[PlyCount "121"]
[EventDate "2023.09.15"]
[EventType "swiss (blitz)"]
[EventRounds "9"]
[EventCountry "IND"]
[SourceTitle "EXT 2024"]
[Source "ChessBase"]
[SourceDate "2023.10.10"]
[SourceVersion "1"]
[SourceVersionDate "2023.10.10"]
[SourceQuality "1"]

1. c4 e6 2. Nc3 c6 3. Nf3 d5 4. d4 f5 5. g3 Nf6 6. Bg2 Bd6 7. 0-0 0-0 8. Qc2 Nbd7 9. Bf4 Bxf4 10. gxf4 Ne4 11. e3 Ndf6 12. Ne2 Bd7 13. Ne5 Be8 14. c5 Nd7 15. b4 Qh4 16. f3 Nef6 17. a4 Nxe5 18. fxe5 Nh5 19. f4 g5 20. fxg5 Kh8 21. Nf4 Nxf4 22. exf4 Bh5 23. Qf2 Qxf2+ 24. Kxf2 Bg6 25. Bf3 a6 26. h4 Be8 27. Be2 Kg7 28. Rfb1 Bd7 29. h5 Be8 30. Ke3 Bd7 31. Rb3 Be8 32. Rab1 Rf7 33. Kd2 Re7 34. R1b2 Rc7 35. Kc1 Re7 36. Kb1 Rc7 37. b5 axb5 38. axb5 Rcc8 39. bxc6 Bxc6 40. Bb5 Kf8 41. Bxc6 bxc6 42. Rb7 Ra4 43. Rxh7 Rca8 44. Rh8+ Kg7 45. Rxa8 Rxa8 46. Rb7+ Kg8 47. h6 Ra4 48. g6 Ra8 49. Rc7 Rb8+ 50. Kc2 Kh8 51. Rxc6 Rg8 52. Rxe6 Rb8 53. Rf6 Rg8 54. Rf8 Rxf8 55. g7+ Kg8 56. gxf8Q+ Kxf8 57. h7 Kg7 58. c6 Kxh7 59. c7 Kg6 60. c8Q Kh5 61. Qxf5+ 1-0

[Event "Asia-ch Blitz U20"]
[Site "Jamshedpur"]
[Date "2023.09.15"]
[Round "2"]
[White "Panda, Sambit"]
[Black "Mohamed, Anees M"]
[Result "1/2-1/2"]
[WhiteElo "2250"]
[BlackElo "2135"]
[PlyCount "110"]
[EventDate "2023.09.15"]
[EventType "swiss (blitz)"]
[EventRounds "9"]
[EventCountry "IND"]
[SourceTitle "EXT 2024"]
[Source "ChessBase"]
[SourceDate "2023.10.10"]
[SourceVersion "1"]
[SourceVersionDate "2023.10.10"]
[SourceQuality "1"]

1. d4 d5 2. c4 c6 3. cxd5 cxd5 4. Nc3 Nf6 5. Bf4 Nc6 6. e3 a6 7. Be2 Bf5 8. Nf3 Rc8 9. 0-0 e6 10. Qb3 b5 11. Rfc1 Bd6 12. Nxb5 Bxf4 13. exf4 axb5 14. Bxb5 0-0 15. Bxc6 Rb8 16. Qa3 Qb6 17. b4 Qxb4 18. Qxb4 Rxb4 19. a4 Bd3 20. a5 Ba6 21. Rab1 Rfb8 22. Nd2 Kf8 23. Ba4 Rxb1 24. Rxb1 Rxb1+ 25. Nxb1 Ke7 26. Nc3 Kd6 27. f3 Nd7 28. Kf2 Nb8 29. Nb5+ Ke7 30. Nc7 Kd6 31. Nxa6 Nxa6 32. Bb5 Nc7 33. Bd3 h6 34. g4 Kc6 35. h4 Nb5 36. a6 Na7 37. h5 Kb6 38. Kg3 Nc6 39. g5 Nxd4 40. Kg4 Nc6 41. Bf1 Nb8 42. f5 exf5+ 43. Kxf5 Nd7 44. g6 fxg6+ 45. Kxg6 Nf6 46. f4 d4 47. f5 Ka7 48. Be2 Ne8 49. Bd3 Nf6 50. Kxg7 Nxh5+ 51. Kxh6 Nf4 52. Bf1 d3 53. Bxd3 Nxd3 54. f6 Ne5 55. Kg7 Kxa6 1/2-1/2

[Event "Asia-ch U20"]
[Site "Jamshedpur"]
[Date "2023.09.11"]
[Round "4"]
[White "Harshavardhan, GB."]
[Black "Mohamed, Anees M"]
[Result "1/2-1/2"]
[WhiteElo "2397"]
[BlackElo "2295"]
[PlyCount "49"]
[EventDate "2023.09.09"]
[EventType "swiss"]
[EventRounds "9"]
[EventCountry "IND"]
[SourceTitle "EXT 2024"]
[Source "ChessBase"]
[SourceDate "2023.10.10"]
[SourceVersion "1"]
[SourceVersionDate "2023.10.10"]
[SourceQuality "1"]

1. d4 d5 2. c4 c6 3. Nf3 Nf6 4. Nc3 e6 5. e3 Nbd7 6. Qc2 Bd6 7. Bd3 0-0 8. 0-0 dxc4 9. Bxc4 b5 10. Be2 Bb7 11. Rd1 Qc7 12. e4 e5 13. Bg5 exd4 14. Rxd4 Ne5 15. h3 Nxf3+ 16. Bxf3 Qe7 17. Rad1 Rad8 18. e5 Bxe5 19. Rxd8 Rxd8 20. Rxd8+ Qxd8 21. Nxb5 Qa5 22. Qd2 Qxd2 23. Bxd2 Bxb2 24. Nxa7 Nd5 25. Be3 1/2-1/2

[Event "Titled Tuesday intern op 18th Jul Early"]
[Site "Chess.com INT"]
[Date "2023.07.18"]
[Round "9"]
[White "Dyachuk, Artem"]
[Black "Mohamed, Anees M"]
[Result "0-1"]
[WhiteElo "2261"]
[BlackElo "2295"]
[PlyCount "56"]
[EventDate "2023.07.18"]
[EventType "swiss (blitz)"]
[EventRounds "11"]
[EventCountry "USA"]
[SourceTitle "EXT 2024"]
[Source "ChessBase"]
[SourceDate "2023.10.10"]
[SourceVersion "1"]
[SourceVersionDate "2023.10.10"]
[SourceQuality "1"]

1. e4 c5 2. Nf3 Nc6 3. d4 cxd4 4. Nxd4 Nf6 5. Nc3 d6 6. Bg5 e6 7. Qd3 Bd7 8. Be2 a6 9. 0-0-0 Be7 10. f4 Qc7 11. Rhe1 b5 12. Bf3 Rc8 13. Bxf6 gxf6 14. Bh5 b4 15. Nce2 Nxd4 16. Nxd4 Qa5 17. Kb1 Qxh5 18. f5 e5 19. Nf3 Bb5 20. Qe3 Rc5 21. h3 Bf8 22. Qb3 a5 23. a3 bxa3 24. bxa3 Bd7 25. c4 Be7 26. Re3 0-0 27. g4 Qh6 28. h4 Ba4 0-1

[Event "Titled Tuesday intern op 18th Jul Early"]
[Site "Chess.com INT"]
[Date "2023.07.18"]
[Round "6"]
[White "Goswami, Vedant"]
[Black "Mohamed, Anees M"]
[Result "0-1"]
[WhiteElo "2034"]
[BlackElo "2295"]
[PlyCount "126"]
[EventDate "2023.07.18"]
[EventType "swiss (blitz)"]
[EventRounds "11"]
[EventCountry "USA"]
[SourceTitle "EXT 2024"]
[Source "ChessBase"]
[SourceDate "2023.10.10"]
[SourceVersion "1"]
[SourceVersionDate "2023.10.10"]
[SourceQuality "1"]

1. d4 d5 2. c4 e6 3. g3 Nf6 4. Bg2 dxc4 5. Nf3 a6 6. 0-0 c6 7. Qc2 b5 8. Rd1 Bb7 9. b3 cxb3 10. axb3 Nbd7 11. e4 Be7 12. Bf4 0-0 13. Nc3 Rc8 14. Ne5 Qb6 15. Rac1 Rfd8 16. Qb2 c5 17. d5 exd5 18. Nxd5 Nxd5 19. exd5 Bf6 20. Qe2 Nxe5 21. Bxe5 Bxe5 22. Qxe5 Qd6 23. Qc3 h6 24. h3 c4 25. b4 Qf6 26. Rd4 Rd6 27. Rcd1 Rcd8 28. Qd2 Qg5 29. Qc3 R6d7 30. h4 Qe5 31. Qd2 Re7 32. Kh2 Qe2 33. d6 Qxd2 34. R1xd2 Red7 35. Bh3 c3 36. Bxd7 cxd2 37. Bg4 Bc8 38. Bxc8 Rxc8 39. Rxd2 Kf8 40. Re2 Rd8 41. Rd2 Ke8 42. h5 Kd7 43. Kh3 Rc8 44. Rd3 Rc4 45. Rf3 f6 46. Rd3 Rxb4 47. Ra3 Ra4 48. Rc3 Rc4 49. Re3 Kxd6 50. Re8 Rc7 51. Ra8 Kc5 52. Rxa6 b4 53. Ra8 b3 54. Rb8 Kc4 55. Kg4 Kc3 56. Kf5 b2 57. Kg6 Kc2 58. f4 b1Q 59. Rxb1 Kxb1 60. g4 Kc2 61. g5 fxg5 62. fxg5 hxg5 63. Kxg5 Kd3 0-1

[Event "Titled Tuesday intern op 18th Jul Early"]
[Site "Chess.com INT"]
[Date "2023.07.18"]
[Round "8"]
[White "Mohamed, Anees M"]
[Black "Taboas Rodriguez, Daniel"]
[Result "1-0"]
[WhiteElo "2295"]
[BlackElo "2374"]
[PlyCount "99"]
[EventDate "2023.07.18"]
[EventType "swiss (blitz)"]
[EventRounds "11"]
[EventCountry "USA"]
[SourceTitle "EXT 2024"]
[Source "ChessBase"]
[SourceDate "2023.10.10"]
[SourceVersion "1"]
[SourceVersionDate "2023.10.10"]
[SourceQuality "1"]

1. d4 Nf6 2. c4 g6 3. Nc3 Bg7 4. e4 d6 5. Be2 0-0 6. Nf3 e5 7. 0-0 Nc6 8. d5 Ne7 9. Ne1 Ne8 10. Be3 f5 11. f3 f4 12. Bf2 g5 13. Nd3 Ng6 14. c5 Rf7 15. Rc1 Bf8 16. a4 h5 17. b4 Rg7 18. b5 Nf6 19. a5 g4 20. Kh1 g3 21. Bg1 h4 22. h3 Ne7 23. Re1 Nh5 24. Bf1 Ng6 25. cxd6 Bxd6 26. Nc5 Qe7 27. Ne6 Bxe6 28. dxe6 Qxe6 29. Nd5 Kh7 30. a6 bxa6 31. bxa6 Qd7 32. Qb3 Rgg8 33. Bb5 Qf7 34. Bc6 Rab8 35. Bb7 Nf6 36. Bxa7 Nxd5 37. Qxd5 Qxd5 38. exd5 Rbe8 39. Bc5 Rb8 40. Bxd6 cxd6 41. Rc7+ Rg7 42. Rxg7+ Kxg7 43. a7 Rxb7 44. a8Q Rd7 45. Qc6 Nf8 46. Rb1 Kf7 47. Rb8 Ra7 48. Qe8+ Kf6 49. Qxf8+ Kg5 50. Rb1 1-0

[Event "Titled Tuesday intern op 18th Jul Early"]
[Site "Chess.com INT"]
[Date "2023.07.18"]
[Round "11"]
[White "Morkunas, Gustas"]
[Black "Mohamed, Anees M"]
[Result "1-0"]
[WhiteElo "2074"]
[BlackElo "2295"]
[PlyCount "95"]
[EventDate "2023.07.18"]
[EventType "swiss (blitz)"]
[EventRounds "11"]
[EventCountry "USA"]
[SourceTitle "EXT 2024"]
[Source "ChessBase"]
[SourceDate "2023.10.10"]
[SourceVersion "1"]
[SourceVersionDate "2023.10.10"]
[SourceQuality "1"]

1. e4 c5 2. Nf3 Nc6 3. d4 cxd4 4. Nxd4 Nf6 5. Nc3 d6 6. Bg5 e6 7. Qd2 a6 8. 0-0-0 Bd7 9. f3 Nxd4 10. Qxd4 Be7 11. h4 Qc7 12. Kb1 b5 13. g4 0-0 14. Be3 Rfc8 15. Qd2 b4 16. Ne2 a5 17. h5 a4 18. Nc1 Rab8 19. g5 Ne8 20. g6 Bf6 21. gxf7+ Kxf7 22. Bd3 Qa5 23. f4 Bb5 24. e5 dxe5 25. Bxh7 Rd8 26. Qg2 Bc4 27. Bg6+ Ke7 28. Qc6 Bd5 29. Bc5+ Nd6 30. Rxd5 exd5 31. Qxd5 Rd7 32. Bxd6+ Rxd6 33. Qxa5 exf4 34. Re1+ Kf8 35. Qc5 Rbd8 36. Rd1 Be7 37. Qf5+ Kg8 38. Rxd6 Bxd6 39. c3 bxc3 40. bxc3 a3 41. Kc2 Rb8 42. Nd3 Bf8 43. h6 f3 44. Qxf3 Bd6 45. Qd5+ Kh8 46. Qxd6 Rg8 47. Qe7 gxh6 48. Qh7# 1-0

[Event "Titled Tuesday intern op 27th Jun Early"]
[Site "Chess.com INT"]
[Date "2023.06.27"]
[Round "4"]
[White "Mohamed, Anees M"]
[Black "Ai, Evan Zihao"]
[Result "1-0"]
[WhiteElo "2320"]
[BlackElo "2055"]
[PlyCount "69"]
[EventDate "2023.06.27"]
[EventType "swiss (blitz)"]
[EventRounds "11"]
[EventCountry "USA"]
[SourceTitle "EXT 2024"]
[Source "ChessBase"]
[SourceDate "2023.10.10"]
[SourceVersion "1"]
[SourceVersionDate "2023.10.10"]
[SourceQuality "1"]

1. c4 e5 2. Nc3 Bb4 3. Nf3 Nc6 4. g3 Nf6 5. Bg2 0-0 6. 0-0 Re8 7. Nd5 Bc5 8. d3 d6 9. a3 Nxd5 10. cxd5 Ne7 11. b4 Bb6 12. Qb3 h6 13. Bb2 c6 14. dxc6 bxc6 15. e4 Be6 16. Qc2 Qd7 17. d4 exd4 18. Nxd4 Rac8 19. Nxe6 Qxe6 20. Rad1 d5 21. exd5 Nxd5 22. Qb3 Red8 23. Rfe1 Qf5 24. Qf3 Qc2 25. Ba1 Re8 26. Rc1 Qd2 27. Red1 Qa2 28. Bf1 Ne3 29. Rd7 Ng4 30. Bc4 Qxf2+ 31. Qxf2 Bxf2+ 32. Kg2 Red8 33. Rxf7 Rd2 34. Rxf2+ Kh8 35. Rxd2 1-0

[Event "Balatonlelle Rigo Memorial op"]
[Site "Balatonlelle"]
[Date "2023.06.21"]
[Round "8"]
[White "Varga, Zoltan"]
[Black "Mohamed, Anees M"]
[Result "1/2-1/2"]
[WhiteElo "2376"]
[BlackElo "2320"]
[PlyCount "44"]
[EventDate "2023.06.14"]
[EventType "swiss"]
[EventRounds "9"]
[EventCountry "HUN"]
[SourceTitle "CBM 214 Extra"]
[Source "ChessBase"]
[SourceDate "2023.07.31"]
[SourceVersion "1"]
[SourceVersionDate "2023.07.31"]
[SourceQuality "1"]

1. e4 c5 2. Nf3 Nc6 3. Bb5 e6 4. 0-0 Nge7 5. d4 cxd4 6. Nxd4 Qb6 7. Nxc6 dxc6 8. Be2 Ng6 9. Nd2 Qc7 10. Nc4 e5 11. Bg4 Bc5 12. Bxc8 Rxc8 13. Be3 Be7 14. a4 b6 15. g3 0-0 16. h4 Rfd8 17. Qg4 Nf8 18. h5 Ne6 19. c3 Bc5 20. Qf5 Bxe3 21. Nxe3 h6 22. Rfd1 Ng5 1/2-1/2